| 000 | 00631nam a2200229 i 4500 | ||
|---|---|---|---|
| 001 | 17016 | ||
| 003 | ES-MaACL | ||
| 005 | 20230906151502.0 | ||
| 007 | t| | ||
| 008 | 001214s1998 sp ||||1| spa d | ||
| 020 | _a84-334-0092-7 | ||
| 080 | _a821.133.1-4"19" | ||
| 100 | 1 |
_aVirilio, Paul. _9115460 |
|
| 245 | 1 | 0 |
_aEstética de la desaparición / _cPaul Virilio. |
| 250 | _a2ª ed. | ||
| 260 |
_aBarcelona : _bAnagrama, _c1998. |
||
| 300 |
_a128 p. ; _c20 cm. |
||
| 490 | 1 |
_aColección Argumentos ; _v92 |
|
| 830 | 0 |
_aColección Argumentos ; _v92 _9178071 |
|
| 852 |
_aES-MaACL _jL-24033 _bR.129134 |
||
| 999 |
_c17016 _d17016 |
||